The State of Housing Design 2023 / (Record no. 8332)

MARC details
000 -LEADER
fixed length control field 00763nam a22001817a 4500
003 - CONTROL NUMBER IDENTIFIER
control field OSt
005 - DATE AND TIME OF LATEST TRANSACTION
control field 20251215105401.0
008 - FIXED-LENGTH DATA ELEMENTS--GENERAL INFORMATION
fixed length control field 251215b |||||||| |||| 00| 0 eng d
020 ## - INTERNATIONAL STANDARD BOOK NUMBER
International Standard Book Number 9780674294134
040 ## - CATALOGING SOURCE
Transcribing agency n
082 ## - DEWEY DECIMAL CLASSIFICATION NUMBER
Classification number 728.370973 S78 2023
245 ## - TITLE STATEMENT
Title The State of Housing Design 2023 /
Statement of responsibility, etc. edited by Sam Naylor, Daniel D’Oca, Chris Herbert
260 ## - PUBLICATION, DISTRIBUTION, ETC.
Name of publisher, distributor, etc. Cambridge, Massachusetts, United States. Joint Center for Housing Studies at Harvard University. 2023
300 ## - PHYSICAL DESCRIPTION
Extent 184 pages; 25 cm.
650 ## - SUBJECT ADDED ENTRY--TOPICAL TERM
Topical term or geographic name entry element Housing design — United States Residential architecture — Design & planning Urban planning — United States Social aspects of housing Sustainable architecture
700 ## - ADDED ENTRY--PERSONAL NAME
Personal name Sam Naylor, Daniel D’Oca, Chris Herbert
942 ## - ADDED ENTRY ELEMENTS (KOHA)
Source of classification or shelving scheme Dewey Decimal Classification
Koha item type English Book
Suppress in OPAC No
Holdings
Withdrawn status Lost status Source of classification or shelving scheme Damaged status Not for loan Home library Current library Date acquired Total Checkouts Full call number Barcode Date last seen Price effective from Koha item type
    Dewey Decimal Classification     CENTRAL TUWAIQ 12/28/2025   728.370973 S78 2023 1000000025583 12/28/2025 12/28/2025 English Book